Rozšírené spôsoby diváckej recepcie digitálneho umenia

Saved in:
Bibliographic Details
Main Author Rusnáková, Katarína, 1959- (Author)
Format Book
LanguageSlovak
Published V Banskej Bystrici : Fakulta výtvarných umení, Akadémia umení, 2011
Edition1. vyd.
Subjects
ISBN978-80-89078-92-9
Physical Description175 s. : il. (převážně barev.) ; 22 cm

Cover

LEADER 00000aam a2200000 a 4500
001 115470
003 CZ-ZlUTB
005 20260429082904.0
007 ta
008 120723s2011 xo a e 001 0 slo
020 |a 978-80-89078-92-9  |q (váz.) 
040 |a BOA001  |b cze  |d ZLD002 
072 7 |a 72/76  |x Výtvarné umění  |2 Konspekt  |9 21 
080 |a 72/76:004.92/.94  |2 MRF 
080 |a 159.931  |2 MRF 
080 |a 004.7.031.42  |2 MRF 
080 |a 7.072/.073  |2 MRF 
080 |a (048.8)  |2 MRF 
100 1 |a Rusnáková, Katarína,  |d 1959-  |7 jx20060126005  |4 aut 
245 1 0 |a Rozšírené spôsoby diváckej recepcie digitálneho umenia /  |c Katarína Rusnáková 
250 |a 1. vyd. 
260 |a V Banskej Bystrici :  |b Fakulta výtvarných umení, Akadémia umení,  |c 2011 
300 |a 175 s. :  |b il. (převážně barev.) ;  |c 22 cm 
500 |a 300 výt. 
504 |a Obsahuje bibliografii, bibliografické odkazy a rejstřík 
650 0 7 |a digitální umění  |7 ph367679  |2 czenas 
650 0 7 |a vizuální vnímání  |7 ph116789  |2 czenas 
650 0 7 |a interaktivní komunikace  |7 ph136705  |2 czenas 
650 0 7 |a vnímání uměleckého díla  |7 ph162887  |2 czenas 
650 0 9 |a digital art  |2 eczenas 
650 0 9 |a visual perception  |2 eczenas 
650 0 9 |a interactive communication  |2 eczenas 
650 0 9 |a perception of art  |2 eczenas 
655 7 |a monografie  |7 fd132842  |2 czenas 
655 9 |a monographs  |2 eczenas 
910 |a ZLD002 
942 |2 udc 
952 |0 0  |1 0  |4 0  |5 0  |6 7276RUSNÁKOVÁK  |7 0  |8 BOOK  |9 190716  |a UTBZL  |b UTBZL  |c 030  |d 2026-04-09  |l 0  |o 72/76/RUSNÁKOVÁ,K,  |p 420010201956  |r 2026-04-09 13:04:57  |v 325.00  |w 2026-04-09  |x N: dar  |y 04 
992 |b SK 
999 |c 115470  |d 115470